John Knox: (Record no. 2694)

000 -LEADER
fixed length control field 00562nam a2200181 a 4500
001 - CONTROL NUMBER
control field :::00000419$&:&@@
003 - CONTROL NUMBER IDENTIFIER
control field OkBaRHE
005 - DATE AND TIME OF LATEST TRANSACTION
control field 20100116153619.0
008 - FIXED-LENGTH DATA ELEMENTS--GENERAL INFORMATION
fixed length control field s1905 j 000 0 eng u
040 ## - CATALOGING SOURCE
Transcribing agency
100 1# - MAIN ENTRY--PERSONAL NAME
Personal name Stalker, James, 1848-1927.
245 10 - TITLE STATEMENT
Title John Knox:
Remainder of title his ideas and ideals.
260 ## - PUBLICATION, DISTRIBUTION, ETC. (IMPRINT)
Place of publication, distribution, etc New York, NY., :
Name of publisher, distributor, etc A. C. Armstrong and Son
Date of publication, distribution, etc c1905
300 ## - PHYSICAL DESCRIPTION
Extent 250 p. ;
Dimensions 20 cm.
650 ## - SUBJECT ADDED ENTRY--TOPICAL TERM
Topical term or geographic name as entry element Knox, John
General subdivision ca. 1514-1572.
942 ## - ADDED ENTRY ELEMENTS (KOHA)
Source of classification or shelving scheme
Koha item type Books
Copies
Date last seen Full call number Barcode Withdrawn status Copy number Koha item type Shelving location Damaged status Lost status Source of classification or shelving scheme Date acquired Permanent Location Price effective from Not for loan
2010-04-14BX 9223 .S7419 1BooksGeneral Stacks   2010-04-14RHEMA Bible Training College2010-04-14